000 00269nam a22001217a 4500
008 181101b xxu||||| |||| 00| 0 eng d
041 _aeng
080 _a573
100 _a11
101 _aBIO
245 _aBiological Basis of Behavior
_cGuigan,F,J
942 _2udc
_cBK
999 _c51505
_d51505